| 000 | 00422nam a22001697a 4500 | ||
|---|---|---|---|
| 003 | CEME | ||
| 005 | 20210628202907.0 | ||
| 008 | 210119b xxu||||| |||| 00| 0 eng d | ||
| 020 | _a81-7245-244-6 | ||
| 040 | _c. | ||
| 082 | _a510 ROB | ||
| 100 |
_aRobinovitz, Judith _962191 |
||
| 245 | _aPractical math success, in 20 minutes a day | ||
| 260 |
_aNEW DELHI _bGOODWILL'S _c2005 |
||
| 300 | _aX,222 P | ||
| 942 |
_cBK _2ddc |
||
| 999 |
_c571378 _d571378 |
||